Airlines at New York JFK (2025) - Statistics

General Stats
  • This quiz has been taken 543 times
  • The average score is 38 of 76
Answer Stats
Answer % Correct
American Airlines
94%
Delta Air Transport
94%
All Nippon Airways
91%
British Airways
90%
Air France
85%
Emirates
84%
Air China
82%
Lufthansa
81%
JetBlue
78%
Iberia
75%
Japan Airlines
75%
Aer Lingus
74%
ITA Airways
74%
KLM
74%
Qatar Airways
74%
Air India
71%
Etihad
71%
Qantas
69%
Turkish Airlines
68%
Aeromexico
67%
Eastern Airlines
67%
Air Canada
65%
China Southern
65%
Scandinavian Airlines
65%
TAP Portugal
65%
Singapore Airlines
64%
Korean Air
64%
LATAM
64%
SWISS
64%
China Eastern
63%
Alaska Airlines
62%
LOT
60%
Avianca
56%
Ethiopian Airlines
56%
EgyptAir
51%
Finnair
51%
Virgin Atlantic
51%
Austrian Airlines
50%
WestJet
50%
El Al
49%
Air New Zealand
48%
Icelandair
48%
Asiana Airlines
46%
Royal Air Maroc
46%
Brussels Airlines
45%
Cathay Pacific
45%
Hawaiian Airlines
45%
Frontier Airlines
44%
China Airlines
43%
EVA Air
42%
Kenya Airways
40%
Royal Jordanian
40%
Air Serbia
32%
Copa Airlines
32%
Kuwait Airways
31%
Philippine Airlines
30%
Uzbekistan Airlines
28%
Hainan Airlines
27%
Norse Atlantic Airways
25%
XiamenAir
25%
Volaris
23%
Air Europa
22%
Caribbean Airlines
22%
Condor
22%
Saudi Arabian Airlines
18%
Cape Air
17%
Sun Country Airlines
17%
LEVEL
16%
Viva Aerobus
15%
Azores Airlines
14%
Cayman Airways
13%
Air Senegal
12%
Neos
12%
Arkia
8%
Flair Airlines
7%
HiSky Europe
7%
No matching quizzes found
Score Distribution
Percent of People with Each Score
Percentile by Number Answered
Your Score History
You have not taken this quiz